Hệ thống điều khiển tự động khí nén

Cuốn sách "Hệ Thống Điều Khiển Tự Động Khí Nén" được trình bày một cách có hệ thống kiến thức về lĩnh vực truyền động khí nén với các phương thức điều khiển đa dạng từ điều khiển bằng Rơ le, IC số, PLC, vi xử lý, cho đe...

Celý popis

Uloženo v:
Podrobná bibliografie
Hlavní autor: Nguyễn, Ngọc Phương
Médium: Kniha
Jazyk:Undetermined
Vydáno: Hà Nội Khoa học và Kỹ thuật 2012
Témata:
Tagy: Přidat tag
Žádné tagy, Buďte první, kdo otaguje tento záznam!
Thư viện lưu trữ: Trung tâm Học liệu Trường Đại học Cần Thơ
LEADER 01367nam a2200229Ia 4500
001 CTU_177512
008 210402s9999 xx 000 0 und d
020 |c 95000 
082 |a 621.51 
082 |b Ph561 
100 |a Nguyễn, Ngọc Phương 
245 0 |a Hệ thống điều khiển tự động khí nén 
245 0 |c Nguyễn Ngọc Phương, Nguyễn Trường Thịnh 
260 |a Hà Nội 
260 |b Khoa học và Kỹ thuật 
260 |c 2012 
520 |a Cuốn sách "Hệ Thống Điều Khiển Tự Động Khí Nén" được trình bày một cách có hệ thống kiến thức về lĩnh vực truyền động khí nén với các phương thức điều khiển đa dạng từ điều khiển bằng Rơ le, IC số, PLC, vi xử lý, cho đến máy tính, từ các khái niệm cơ bản đến các phương pháp thiết kế điều khiển mới nhất hiện đang ứng dụng trong công nghiệp. 
526 |a Truyền động thủy lực và khí nén 
526 |b CN149 
650 |a Air-engines,Control systems,Động cơ khí nén,Hệ thống điều khiển 
904 |i Anh Thư 
980 |a Trung tâm Học liệu Trường Đại học Cần Thơ